000 00526nam a22001697a 4500
008 160420b xxu||||| |||| 00| 0 eng d
020 _a971-685-698-9
082 _22009
_aDFil 371.3
_bSa3m
100 _96029
_aSalandanan, Gloria G.
245 _aMethods of teaching/
_cGloria G. Salandanan.
250 _aRevised edition.
260 _aQuezon City:
_bLorimar Publishing,
_cc2009.
300 _a173 pages;
_c25 cm.
500 _aIncludes bibliographical references.
650 0 _96032
_aTeaching methodology.
942 _2ddc
_cBK
999 _c1888
_d1888